• 首页
  • 本馆介绍
  • 公告通知
  • 最新文献
  • 馆藏检索
  • 电子资源
  • 读者导购
  • 参考咨询
  • 我的图书馆
  • 登录
  • 详细信息显示
  • 放入我的书架
  • 预约/预借图书
  • 作者相关作品
  • 分类相关作品
  • 丛书相关作品
  • 出版社相关作品

书目信息

  • 表格格式
  • 工作单格式
  • 卡片格式
题名:
TMS320C54x DSP应用技术教程
    
 
作者: 叶青 , 黄明 , 宋鹏 编著
分册:  
出版信息: 北京   机械工业出版社  2017.1
页数: 10,325页
开本: 26cm
丛书名:
单 册:
中图分类: TN911.72 , TP332
科图分类:
主题词: 数字信号处理--高等教育--教材 , 数字信号--微处理器--高等教育--教材
电子资源:
ISBN: 978-7-111-35536-6
000 01209nam0 2200289 450
001 0400004653
005 20171024144523.0
010    @a978-7-111-35536-6@dCNY39.80
100    @a20111224d2017 em y0chiy50 ea
101 0  @achi
102    @aCN@b110000
105    @ay z 000yy
106    @ar
200 1  @aTMS320C54x DSP应用技术教程@9TMS320C54x DSP ying yong ji shu jiao cheng@f叶青,黄明,宋鹏编著
210    @a北京@c机械工业出版社@d2017.1
215    @a10,325页@d26cm
300    @a普通高等教育电气信息类规划教材
330    @a本书共分8章,第1、2章针对初学者对DSP及利用DSP进行系统设计所需的基本知识进行了概述;第3-5章详细介绍了TMS320C54x DSP的硬件结构、指令系统及其软件开发与设计方法;第6、7章以DSP集成开发环境CCS的新版小v3.3为例详细介绍了CCS的使用方法,并以TMS320C54x DSP最小系统为平台详细讲解了多个应用实例;第8章从硬件构成原理和应用编程两个方面对DSP外设进行了详细的描述。
606 0  @a数字信号处理@x高等教育@j教材
606 0  @a数字信号@x微处理器@x高等教育@j教材
690    @aTN911.72@v4
690    @aTP332@v4
701  0 @a叶青@9ye qing@4编著
701  0 @a黄明@9huang ming@4编著
701  0 @a宋鹏@9song peng@4编著
801  0 @aCN@b91MARC@c20171024
905    @b1038670-4@dTN911.72@f5@e230
    
    TMS320C54x DSP应用技术教程/叶青,黄明,宋鹏编著.-北京:机械工业出版社,2017.1
    10,325页;26cm
    普通高等教育电气信息类规划教材
    
    ISBN 978-7-111-35536-6:CNY39.80
    本书共分8章,第1、2章针对初学者对DSP及利用DSP进行系统设计所需的基本知识进行了概述;第3-5章详细介绍了TMS320C54x DSP的硬件结构、指令系统及其软件开发与设计方法;第6、7章以DSP集成开发环境CCS的新版小v3.3为例详细介绍了CCS的使用方法,并以TMS320C54x DSP最小系统为平台详细讲解了多个应用实例;第8章从硬件构成原理和应用编程两个方面对DSP外设进行了详细的描述。
●
相关链接 在E读中查询图书 在五车中查询图书 在当当中查询图书 在豆瓣中查询图书


正题名:TMS320C54x DSP应用技术教程     索取号:TN911.72/230         预约/预借

序号 登录号 条形码 馆藏地/架位号 状态 备注
1 1038670   210386704   第二样本阅览室/ [索取号:TN911.72/230] 在馆    
2 1038671   210386713   密集书库-物理学院/ [索取号:TN911.72/230] 在馆    
3 1038672   210386722   第三借阅区/ [索取号:TN911.72/230] 在馆    
4 1038673   210386731   第三借阅区/ [索取号:TN911.72/230] 在馆    
5 1038674   210386740   第三借阅区/ [索取号:TN911.72/230] 在馆    
唐山师范学院图书馆 欢迎您!
大连网信软件有限公司© 版权所有